| 000 | 01077nam0a22003011 4500 | ||
|---|---|---|---|
| 001 | RU\NLR\INFOCOMM_41\5000245785 | ||
| 005 | 20250613090200.0 | ||
| 035 | _a(NLR Aleph) 009057303 | ||
| 090 |
_a7841307 _c7841307 |
||
| 100 | _a20080929d1987 |||y0rusy50 ca | ||
| 101 | 1 |
_aeng _crus |
|
| 102 | _aRU | ||
| 105 | _ay z 000zy | ||
| 200 | 1 |
_aScience, technology and the economy _e[transl. from the Russ.] _fAlexander Anchishkin |
|
| 210 |
_aΜ. _cProgress _d1987 |
||
| 215 |
_a320 с. _d21 см |
||
| 300 | _aНа обороте тит. л.: Наука - техника - экономика / А. Анчишкин | ||
| 517 | 1 | _aНаука - техника - экономика | |
| 606 |
_aТехнические прогресс при социализме _2nlr_sh1 |
||
| 686 |
_aУ011.742 _2rubbk |
||
| 700 | 1 |
_9z02790 _aAnčiškin _bA. I. _f1933-1987 _gAleksandr Ivanovič _4070 |
|
| 790 | 1 |
_9z02700 _aAnchishkin _bA. _gAlexander _4070 |
|
| 801 | 1 |
_aRU _bNLR _c20080929 |
|
| 801 | 0 |
_aRU _bNLR _gPSBO |
|
| 852 |
_aNLR _jЭк15 Д-3/260 |
||
| 942 | _cBOOK | ||
| 980 | _aNB | ||